000 00585nam a2200229Ia 4500
003 OSt
005 20220924153607.0
006 a|||||r|||| 00| 0
007 ta
008 220923b |||||||| |||| 00| 0 tam d
024 _a350888
037 _cTextual
040 _aARTS
_cARTS
_btam
041 _2tam
_atam
082 _aQ25:31T:4, 31P3
100 _a/Jayavansree J Au.
_9229317
245 0 _aSree thirelathi vazhipaln
260 _c2003
650 _aRELIGION
942 _hQ25:31T:4, 31P3
_cTEXL
_2CC
999 _c474173
_d474173